Профессиональный английский язык для студентов теплоэнергетических специальностей и энергомашиностроения: учебное пособие для вузов

Bibliografiske detaljer
Hovedforfatter: Крайнов А. В. Александр Валерьевич
Institution som forfatter: Национальный исследовательский Томский политехнический университет (ТПУ)
Andre forfattere: Швалова Г. В. Галина Васильевна
Summary:Заглавие с титульного экрана
Электронная версия печатной публикации
Целью пособия является развитие навыков и умений использования английского языка в сфере профессионального общения. В пособии используется комбинация отечественных и зарубежных технологий преподавания иностранного языка в высшей технической школе. Учебное пособие предназначено для студентов теплоэнергетических специальностей и энергомашиностроения, изучающих английский язык, в том числе язык профессионального общения. Пособие может быть использовано при подготовке магистров и аспирантов, в системе повыше-ния квалификации или самостоятельно
Режим доступа: из корпоративной сети ТПУ
Sprog:engelsk
Udgivet: Томск, Изд-во ТПУ, 2010
Fag:
Online adgang:http://www.lib.tpu.ru/fulltext2/m/2009/m169.pdf
Format: MixedMaterials Electronisk Bog
KOHA link:https://koha.lib.tpu.ru/cgi-bin/koha/opac-detail.pl?biblionumber=173101

MARC

LEADER 00000nlm0a2200000 4500
001 173101
005 20231101223058.0
035 |a (RuTPU)RU\TPU\book\187758 
090 |a 173101 
100 |a 20091218d2010 m y0rusy50 ca 
101 0 |a eng 
102 |a RU 
105 |a a j 001zy 
135 |a vrcn ---uucaa 
181 0 |a i  
182 0 |a b 
200 1 |a Профессиональный английский язык для студентов теплоэнергетических специальностей и энергомашиностроения  |b Электронный ресурс  |d Professional english for the students of thermal power engineering specialities and power engineering industry  |e учебное пособие для вузов  |f А. В. Крайнов, Г. В. Швалова  |g Национальный исследовательский Томский политехнический университет (ТПУ) 
203 |a Текст  |c электронный 
210 |a Томск  |c Изд-во ТПУ  |d 2010 
230 |a 1 компьютерный файл (pdf; 4.0 MB) 
300 |a Заглавие с титульного экрана 
300 |a Электронная версия печатной публикации 
330 |a Целью пособия является развитие навыков и умений использования английского языка в сфере профессионального общения. В пособии используется комбинация отечественных и зарубежных технологий преподавания иностранного языка в высшей технической школе. Учебное пособие предназначено для студентов теплоэнергетических специальностей и энергомашиностроения, изучающих английский язык, в том числе язык профессионального общения. Пособие может быть использовано при подготовке магистров и аспирантов, в системе повыше-ния квалификации или самостоятельно 
333 |a Режим доступа: из корпоративной сети ТПУ 
337 |a Adobe Reader 
452 1 |0 (RuTPU)RU\TPU\book\209885  |t Профессиональный английский язык для студентов теплоэнергетических специальностей и энергомашиностроения  |o учебное пособие для вузов  |f А. В. Крайнов, Г. В. Швалова  |g Национальный исследовательский Томский политехнический университет (ТПУ)  |c Томск  |n Изд-во ТПУ  |d 2010  |p 140 с.  |a Крайнов, Александр Валерьевич 
510 1 |a Professional english for the students of thermal power engineering specialities and power engineering industry  |z eng  |e workbook 
606 1 |a Английский язык  |x Учебные руководства и пособия  |x Учебные руководства и пособия для высшей школы  |2 stltpush  |3 (RuTPU)RU\TPU\subj\29071  |9 52483 
610 1 |a лексика 
610 1 |a грамматика 
610 1 |a разговорная речь 
610 1 |a упражнения 
610 1 |a профессиональный английский язык 
610 1 |a энергетика 
610 1 |a энергомашиностроение 
610 1 |a теплоэнергетика 
610 1 |a учебные пособия 
610 1 |a труды учёных ТПУ 
610 1 |a электронный ресурс 
686 |a Ш143.21-923  |v LBC/SL-A  |2 rubbk 
700 1 |a Крайнов  |b А. В.  |c специалист в области теплотехники  |c доцент Томского политехнического университета, кандидат физико-математических наук  |f 1974-  |g Александр Валерьевич  |2 stltpush  |3 (RuTPU)RU\TPU\pers\26016 
701 1 |a Швалова  |b Г. В.  |c лингвист  |c старший преподаватель Томского политехнического университета  |g Галина Васильевна  |2 stltpush  |3 (RuTPU)RU\TPU\pers\26958 
712 0 2 |a Национальный исследовательский Томский политехнический университет (ТПУ)  |c (2009- )  |2 stltpush  |3 (RuTPU)RU\TPU\col\15902 
801 1 |a RU  |b 63413507  |c 20091218 
801 2 |a RU  |b 63413507  |c 20130524  |g RCR 
856 4 |u http://www.lib.tpu.ru/fulltext2/m/2009/m169.pdf 
942 |c CF